Roma

Μια πραγματική ωδή στην Ρώμη, ένα ιμπρεσιονιστικό πορτραίτο της αιώνιας πόλης μέσα από τα μάτια ενός από τους πιο διάσημους κατοίκους της, μια συλλογή εικόνων και ήχων της φημισμένης ιταλικής πρωτεύουσας που συγχωνεύουν αυτοβιογραφικά στοιχεία του παρελθόντος (αναπαράσταση της άφιξης του Φελίνι στη...

Πλήρης περιγραφή

Αποθηκεύτηκε σε:
Λεπτομέρειες βιβλιογραφικής εγγραφής
Άλλοι συγγραφείς: Fellini, Federico (Διευθυντής, Σεναριογράφος), Christopher, Dennis (Ηθοποιός), Mastroianni, Marcello, 1924-1996 (Ηθοποιός)
Μορφή: Διαφάνειες
Γλώσσα:Italian
Multiple
Δημοσίευση: [S. l.] : MGM Home Entertainment Inc., c2003.
Θέματα:
Ετικέτες: Προσθήκη ετικέτας
Δεν υπάρχουν, Καταχωρήστε ετικέτα πρώτοι!

MARC

LEADER 00000cgm a2200000 i 4500
001 1/43276
008 070420s2003 gr ||| | || ||ita||
035 |l 10087563 
040 |a GR-MyUa  |b gre  |e AACR2 
041 1 |a ita  |j mul 
082 7 |a 791.437   |2 (22) 
245 0 0 |a Roma   |h [μαγνητοσκόπηση] /   |c [directed by] Federico Fellini.  
260 |a [S. l.] :   |b MGM Home Entertainment Inc.,   |c c2003.  
300 |a 1 βιντεοδίσκος (113 λεπτ.) :   |b ομίλ., έγχρ. ;   |c 4 3/4 ίν. 
500 |a Κυκλοφόρησε πρώτη φορά ως κινηματογραφική ταινία το 1972.  
508 |a Πλοκή και σενάριο, Federico Fellini και Bernardino Zapponi.  
511 0 |a Dennis Christopher, Pia de Doses, Federico Fellini, Fiona Florence, Renato Giovanneli, Peter Gonzales, Marcello Mastroianni.  
520 8 |a Μια πραγματική ωδή στην Ρώμη, ένα ιμπρεσιονιστικό πορτραίτο της αιώνιας πόλης μέσα από τα μάτια ενός από τους πιο διάσημους κατοίκους της, μια συλλογή εικόνων και ήχων της φημισμένης ιταλικής πρωτεύουσας που συγχωνεύουν αυτοβιογραφικά στοιχεία του παρελθόντος (αναπαράσταση της άφιξης του Φελίνι στη Ρώμη την περίοδο του Μουσολίνι) με σκηνές από τη σύγχρονη πόλη.  
521 8 |a Ακατάλληλο για άτομα κάτων των 15 ετών. 
546 |a Στα ιταλικά με ελληνικούς υπότιτλους. 
651 0 |a Rome (Italy)  |v Drama. 
655 7 |a Feature films  |2 lcgft 
700 1 |a Fellini, Federico,  |e drt  |e aus 
700 1 |a Christopher, Dennis,  |e act 
700 1 |a Mastroianni, Marcello,   |d 1924-1996,  |e act 
852 |a INST  |b SYROS  |c AV  |e 20070420  |h 791.437 FEL  |p 005500007444  |q 005500007444  |t DVD  |y 23 
901 |a BIBL5-2007-1 
920 |a Αναμόρφωση  |b ΕΠΕΑΕΚ ΙΙ-ΤΜΣΠΣ  |y Σύρος  |z 2006-06 
970 |a Κοντού  |b Παρασκευή  |z 20/04/2007